02958cam a2200481 i 45000010009000000050017000090080041000260100017000670150019000840160018001030200018001210350024001390400008001630410013001710420014001840500023001981000034002212450272002552600043005273000044005704900019006144900042006335050340006755050207010155200598012225460032018206500036018526500027018886500065019156500045019806500033020256550027020586550025020856550047021106550036021577000045021937000031022387000042022697000039023119420008023509520103023589990015024612297896320250523065106.0230217t20212021enka 000 j eng d a 2023286181 aGBC1332852bnb7 a0201207792Uk a9781529361506 a(OCoLC)on1260444536 ctbs0 aengafre alccopycat00aPC2115b.R454 2021 aRichards, Ollyeauthor91240310aShort stories in French for intermediate learnersb: read for pleasure at your level and learn French the fun way!c/ Olly Richards ; series editor, Rebecca Moeller ; development editor, Bruno Paul ; translated by Karine Harrington ; illustrations by Stephen Johnson. aLondon :bJohn Murray Learning,c2021. axi, 246 pages :billustrations ;c20 cm aTeach yourself aForeign language graded reader series0 aIntroduction — How to read effectively — The six-step reading process — Un réve de feu — La persévérance finit par payer — Une ville horrible — Mon ami le super-ordinateur — Mathieu Mallard et al recette secrète du soda — La ville de Skull Tooth — Petits copains et petites copines — Le défi des monstres.0 aMapped to B1-B2 on the Common European Framework of Reference — A glossary for bolded words in each text — A bilingual word list — Full plot summary — Comprehension questions after each chapter. aAn unmissable collection of eight unconventional and captivating short stories for young adult and adult intermediate learners of French. What does this book give you? Eight stories in a variety of exciting genres, from science fiction and crime to history and thriller - making reading fun, while you learn a wide range of new vocabulary Controlled language at your level, to help you progress confidently Realistic spoken dialogues, to help you learn conversational expressions and improve your speaking ability Accessible grammar so you learn new structures naturally, in a stress-free way. aText in French and English. 0aFrench languagexReaders912401 0aReaders (Adult)925300 0aFrench languagexStudy and teachingxForeign speakers924325 0aFrench languagevSelf-instruction925301 0aShort stories, French925302 0aReaders (Adult)922484 0aShort stories922375 0aInstructional and educational works923270 0aSelf-instructional works925331 aMoeller, Rebecca Klevbergeeditor925299 aPaul, Brunoeeditor925303 aHarrington, Karineetranslator925304 aJohnson, Steveneillustrator98277 2lcc 00102lcc4070aTBSbTBSd2025-05-22l0oREADER-FR RICpB05870r2025-05-22t1w2025-05-22yFRENCH c4694d4694